01197agaaa2200277 45000010005000000030009000050050017000140070009000310080040000400400023000800410013001031000044001161300015001602450090001752500022002652600119002873000033004065080027004395110049004665200192005155380016007075460013007236500074007367000053008107000056008639604IT-RoPAU20220918181228.0d cvaizq50131s9999||||xx ||| | || ||und|| aIT-RoPAUcIT-RoPAU aITALIANO aMagno VitogCodice regista SPICS: 19159 aDIO CHIAMA aDIO CHIAMAcDiretto da: Magno VitopDIO CHIAMA (Rif. Codice opera principale : B9604) aEdizione Standard aMACERATA (ITALIA)bALL SERVICE / Distribuzione: ALL SERVICE VIDEOg"1993 (1° ed.: 1993 ; Ed. Lingua Orig.: 1993)" aVHSbsonoro, col.c30 minuti a"Musica: Cori Piera; " a"Forte Bruno; Buttiglione Rocco; Cori Piera" aCHIAMATA DI DIO. LIBERTA' DELL'UOMO LIMITATA O POTENZIATA DALLA CHIAMATA DI DIO. DIO FEDELE ALLE SUE CHIAMATE. GESU' MEDIATORE DELLE CHIAMATE DI DIO.- PIERA CORI ESEGUE CANTI VOCAZIONALI. aPAL, STEREO aITALIANO aVOCAZIONALEeTV-PROGRAMMI RELIGIOSI [VHS]xCodice MATERIA SPICS: 9963 aCori Pierae(musica)gCodice Musica SPICS: 11298 aMagno Vito e(regista)gCodice regista SPICS: 19159